Statistics for Fastest Growing Cities in Texas

Click here to take the quiz!

General Stats

  • This quiz has been taken 56 times
  • The average score is 6 of 8

Answer Stats

#Total PopPopulation GainCity%% Correct
41,382,270181,900Dallas15.15
100%
22,340,890242,440Houston11.55
98%
5988,218181,795Austin22.54
95%
3932,116183,635Fort Worth24.53
95%
11,578,030245,150San Antonio18.39
91%
6215,06096,868Frisco81.96
55%
7208,48775,544McKinney56.82
55%
868,14740,450Leander146.04
5%

Score Distribution

Percentile by Number Answered

Percent of People with Each Score

Your Score History

You have not taken this quiz